The craft of sermon illustration. (Record no. 11538)

000 -LEADER
fixed length control field 00602nam a2200193 a 4500
001 - CONTROL NUMBER
control field :::00009337$&:&@@
003 - CONTROL NUMBER IDENTIFIER
control field OkBaRHE
005 - DATE AND TIME OF LATEST TRANSACTION
control field 20000607103350.0
008 - FIXED-LENGTH DATA ELEMENTS--GENERAL INFORMATION
fixed length control field s1987 j 000 0 eng u
040 ## - CATALOGING SOURCE
Transcribing agency
100 1# - MAIN ENTRY--PERSONAL NAME
Personal name Sangster, W. E., 1900-1960.
245 14 - TITLE STATEMENT
Title The craft of sermon illustration.
260 ## - PUBLICATION, DISTRIBUTION, ETC. (IMPRINT)
Place of publication, distribution, etc Basingstoke, Hants, UK:EN., :
Name of publisher, distributor, etc Pickering and Inglis
Date of publication, distribution, etc 1987
300 ## - PHYSICAL DESCRIPTION
Extent 125 p. ;
Dimensions 19 cm.
650 ## - SUBJECT ADDED ENTRY--TOPICAL TERM
Topical term or geographic name as entry element Homiletical Illustrations
650 ## - SUBJECT ADDED ENTRY--TOPICAL TERM
Topical term or geographic name as entry element Preaching
942 ## - ADDED ENTRY ELEMENTS (KOHA)
Source of classification or shelving scheme
Koha item type Books
Copies
Price effective from Barcode Damaged status Permanent Location Date last seen Lost status Date acquired Not for loan Shelving location Withdrawn status Source of classification or shelving scheme Koha item type Copy number Full call number
2010-04-149337 RHEMA Bible Training College2010-04-14 2010-04-14 General Stacks  Books1BV 4211 .S25